Théorie des organisations (notice n° 1554408)
[ vue normale ]
| 000 -LEADER | |
|---|---|
| fixed length control field | 01648cam a2200277zu 4500 |
| 003 - CONTROL NUMBER IDENTIFIER | |
| control field | FRCYB10104031 |
| 005 - DATE AND TIME OF LATEST TRANSACTION | |
| control field | 20251020123501.0 |
| 008 - FIXED-LENGTH DATA ELEMENTS--GENERAL INFORMATION | |
| fixed length control field | 251020s2005 fr | o|||||0|0|||fre d |
| 020 ## - INTERNATIONAL STANDARD BOOK NUMBER | |
| International Standard Book Number | 9782847690491 |
| 035 ## - SYSTEM CONTROL NUMBER | |
| System control number | FRCYB10104031 |
| 040 ## - CATALOGING SOURCE | |
| Original cataloging agency | FR-PaCSA |
| Language of cataloging | fr |
| Transcribing agency | |
| Description conventions | rda |
| 100 1# - MAIN ENTRY--PERSONAL NAME | |
| Personal name | Desreumaux, Alain |
| 245 01 - TITLE STATEMENT | |
| Title | Théorie des organisations |
| Statement of responsibility, etc. | ['Desreumaux, Alain'] |
| 264 #1 - PRODUCTION, PUBLICATION, DISTRIBUTION, MANUFACTURE, AND COPYRIGHT NOTICE | |
| Name of producer, publisher, distributor, manufacturer | EMS Editions |
| Date of production, publication, distribution, manufacture, or copyright notice | 2005 |
| 300 ## - PHYSICAL DESCRIPTION | |
| Extent | p. |
| 336 ## - CONTENT TYPE | |
| Content type code | txt |
| Source | rdacontent |
| 337 ## - MEDIA TYPE | |
| Media type code | c |
| Source | rdamdedia |
| 338 ## - CARRIER TYPE | |
| Carrier type code | c |
| Source | rdacarrier |
| 520 ## - SUMMARY, ETC. | |
| Summary, etc. | Les objectifs de cet ouvrage sont de présenter les éléments de base d’une compréhension du monde des organisations dans sa diversité et sa complexité, ainsi que les principales approches ou courant théoriques traitant des questions fondamentales que posent les organisations : qu’est-ce qui constitue l’essence de l’organisation, comment la distinguer d’autres types de collectivités, sur quelles bases peut-on répertorier les différentes formes d’organisation, de quoi se compose une organisation, qu’est-ce qui en fonde la dynamique au cours du temps ? Sur toutes ces questions, les sciences humaines et sociales apportent des éléments de réponse dont cet ouvrage restitue l’essentiel tout en soulignant le caractère composite des connaissances accumulées, la diversité des points de vue et la concurrence, voire le conflit des interprétations. |
| 650 #0 - SUBJECT ADDED ENTRY--TOPICAL TERM | |
| Topical term or geographic name entry element | |
| 700 0# - ADDED ENTRY--PERSONAL NAME | |
| Personal name | Desreumaux, Alain |
| 856 40 - ELECTRONIC LOCATION AND ACCESS | |
| Access method | Cyberlibris |
| Uniform Resource Identifier | <a href="https://international.scholarvox.com/netsen/book/10104031">https://international.scholarvox.com/netsen/book/10104031</a> |
| Electronic format type | text/html |
| Host name | |
Pas d'exemplaire disponible.




Réseaux sociaux